Normal view
MARC view
- Descriptors-- History-- Christianity--Chistian--Antiquities--jordan
Entry Topical Term
001 - CONTROL NUMBER
- control field: 2101
003 - CONTROL NUMBER IDENTIFIER
- control field: JO-AjAnu
005 - DATE AND TIME OF LATEST TRANSACTION
- control field: 20230606070640.0
008 - FIXED-LENGTH DATA ELEMENTS
- fixed length control field: 230606|| aca||aabn | a|a d
040 ## - CATALOGING SOURCE
- Original cataloging agency: JO-AjAnu
- Transcribing agency: JO-AjAnu
150 ## - HEADING--TOPICAL TERM
- Topical term or geographic name entry element: Descriptors-- History-- Christianity--Chistian--Antiquities--jordan
670 ## - SOURCE DATA FOUND
- Source citation: Work cat.: (JO-AjAnu)1103: Herodotus, author 2100, The histories / Herodotus ; translated by Aubrey De Sâelincourt ; revised with introduction and notes by John Marincola. Penguin classics